000 00384nam a2200145Ia 4500
008 230917s9999||||xx |||||||||||||| ||und||
040 _e36970
_aMAIN
041 _aEnglish
082 _a801.95 A46 J:A
100 _aJanko, Richard
245 0 _aAristatle on comedy: towards reconstruction of poetics II
260 _aLondon
_bDuckworth
_c1984
300 _aviii, 294 p.
942 _cBK
999 _c51804
_d51804